The gnostic Gospels / (Record no. 3973)

MARC details
000 -LEADER
fixed length control field 01528cam a2200325 i 4500
001 - CONTROL NUMBER
control field 4957501
003 - CONTROL NUMBER IDENTIFIER
control field OCoLC
005 - DATE AND TIME OF LATEST TRANSACTION
control field 20181127125505.0
008 - FIXED-LENGTH DATA ELEMENTS--GENERAL INFORMATION
fixed length control field 790419s1979 nyu b 001 0 eng
010 ## - LIBRARY OF CONGRESS CONTROL NUMBER
LC control number 79004764
020 ## - INTERNATIONAL STANDARD BOOK NUMBER
International Standard Book Number 0394502787
020 ## - INTERNATIONAL STANDARD BOOK NUMBER
International Standard Book Number 9780394502786
040 ## - CATALOGING SOURCE
Original cataloging agency DLC
Language of cataloging eng
Transcribing agency DLC
Modifying agency IAK
-- BAKER
-- BTCTA
-- LVB
-- YDXCP
-- OCLCG
-- HNW
-- CKL
-- GBVCP
-- OCLCF
043 ## - GEOGRAPHIC AREA CODE
Geographic area code f-ua---
050 0# - LIBRARY OF CONGRESS CALL NUMBER
Classification number BT1390
Item number .P3
082 ## - DEWEY DECIMAL CLASSIFICATION NUMBER
Classification number 273.1
Item number P33G
100 1# - MAIN ENTRY--PERSONAL NAME
Personal name Pagels, Elaine H.,
Dates associated with a name 1943-
245 14 - TITLE STATEMENT
Title The gnostic Gospels /
Statement of responsibility, etc. by Elaine Pagels.
250 ## - EDITION STATEMENT
Edition statement 1st ed.
260 ## - PUBLICATION, DISTRIBUTION, ETC.
Place of publication, distribution, etc. New York :
Name of publisher, distributor, etc. Random House,
Date of publication, distribution, etc. c1979.
300 ## - PHYSICAL DESCRIPTION
Extent xxxvi, 182 p. ;
Dimensions 24 cm.
504 ## - BIBLIOGRAPHY, ETC. NOTE
Bibliography, etc. note Includes bibliographical references and index.
505 0# - FORMATTED CONTENTS NOTE
Formatted contents note The controversy over Christ's resurrection : historical event or symbol? -- "One God, one bishop" : the politics of monotheism -- God the father/God the mother -- The passion of Christ and the persecution of Christians -- Whose church is the "true church"? -- Gnosis : self-knowledge as knowledge of God.
520 ## - SUMMARY, ETC.
Summary, etc. "A startling account of the meaning of Jesus and the origin of Christianity based on gnostic gospels and other secret texts, written almost 2,000 years ago, recently discovered near Nag Hammadi in Upper Egypt"--Jacket subtitle.
630 00 - SUBJECT ADDED ENTRY--UNIFORM TITLE
Uniform title Apocryphal Gospels.
630 00 - SUBJECT ADDED ENTRY--UNIFORM TITLE
Uniform title Nag Hammadi codices.
650 #0 - SUBJECT ADDED ENTRY--TOPICAL TERM
Topical term or geographic name entry element Gnosticism.
776 08 - ADDITIONAL PHYSICAL FORM ENTRY
Relationship information Online version:
Main entry heading Pagels, Elaine H., 1943-
Title Gnostic Gospels.
Edition 1st ed.
Place, publisher, and date of publication New York : Random House, c1979
Record control number (OCoLC)631131080
942 ## - ADDED ENTRY ELEMENTS (KOHA)
Source of classification or shelving scheme Dewey Decimal Classification
Koha item type Books
Holdings
Withdrawn status Lost status Source of classification or shelving scheme Damaged status Not for loan Collection code Home library Current library Shelving location Date acquired Cost, normal purchase price Total Checkouts Full call number Barcode Date last seen Price effective from Koha item type
    Dewey Decimal Classification     Non-fiction Harvest Mission College Harvest Mission College General Stacks 27.11.2018 460.00   273.1 P33G 004520 27.11.2018 27.11.2018 Books

OPAC Designed and Maintained by HMC Library Team.
Copyright © HMC Library,Greater Noida, UP.
For any Suggestions/Query Contact library via Email:libhmc@gmail.com